AP Human Summer Assignments Quiz - Statistics

General Stats
  • This quiz has been taken 7 times
  • The average score is 44 of 78
Answers on the Map
Answers color-coded by a green-red scale on the quiz's map according to % correct below.
 
Answer Stats
Answer % Correct
Russia
100%
Afghanistan
75%
Australia
75%
Bolivia
75%
Brazil
75%
Canada
75%
Chile
75%
Colombia
75%
Cuba
75%
Egypt
75%
France
75%
Greece
75%
Haiti
75%
Honduras
75%
India
75%
Indonesia
75%
Iraq
75%
Italy
75%
Japan
75%
Kazakhstan
75%
Lesotho
75%
Libya
75%
Mexico
75%
Mongolia
75%
Nigeria
75%
North Korea
75%
Panama
75%
Saudi Arabia
75%
South Africa
75%
South Korea
75%
South Sudan
75%
Spain
75%
Taiwan
75%
Turkey
75%
Ukraine
75%
United Arab Emirates
75%
United Kingdom
75%
United States of America
75%
Vietnam
75%
Denmark
50%
Dominican Republic
50%
El Salvador
50%
Germany
50%
Guatemala
50%
Iran
50%
Israel
50%
Mali
50%
Morocco
50%
Pakistan
50%
Philippines
50%
Portugal
50%
Romania
50%
Sudan
50%
Sweden
50%
Switzerland
50%
Syria
50%
Tanzania
50%
Thailand
50%
Uganda
50%
Venezuela
50%
Zimbabwe
50%
Argentina
25%
Azerbaijan
25%
Bangladesh
25%
Czech Republic
25%
Democratic Republic of the Congo
25%
Georgia
25%
Kenya
25%
Kuwait
25%
Lebanon
25%
Peru
25%
Serbia
25%
The Netherlands
25%
Tunisia
25%
Armenia
0%
Palestinian Territories
0%
Rwanda
0%
Singapore
0%
No matching quizzes found
Score Distribution
Percent of People with Each Score
Percentile by Number Answered
Your Score History
You have not taken this quiz